| 000 | 00398nam a22001457a 4500 | ||
|---|---|---|---|
| 082 |
_aP-159 _cCapt Jahangir |
||
| 100 |
_aCapt Jahangir _948201 |
||
| 245 |
_aProject concrete mix design _cCapt Jahangir |
||
| 260 |
_aRisalpur: _bCapt Jahangir _c2000 |
||
| 300 |
_ap120.: _bill,; _c20 cm |
||
| 526 |
_a0 _b0 _c0 _dP_159 |
||
| 650 |
_aMCE _9379 |
||
| 700 |
_aMajor Muhammad Iqbal _948202 |
||
| 942 |
_2ddc _cBK |
||
| 999 |
_c551212 _d551212 |
||